| 000 | 00774aab a2200217 4500 | ||
|---|---|---|---|
| 001 | 768714001 | ||
| 003 | CO-MdFUSB | ||
| 005 | 20240613105116.0 | ||
| 008 | 170522s1999 cr ||||| |||| 00| 0 spa d | ||
| 022 | _a1409-1968 | ||
| 040 |
_aCO-MdFUSB _bspa _cCO-MdFUSB _dCO-MdFUSB |
||
| 041 | _aspa | ||
| 100 | 1 |
_aBarrientos Paninski, Alberto (1935-) _eautor |
|
| 245 | 1 | 3 |
_aLa justificación por la fe _c/ Alberto Barrientos Paninski |
| 300 |
_aVolumen 16. Número 4 (1999), páginas 20-21 _c: 27 cm. |
||
| 520 | _aToda labor evangelizadora y pastoral debe centrarse en la verdad de la justificación de la fe. | ||
| 650 | 7 |
_aFe _9531 |
|
| 773 | 0 |
_tApuntes Pastorales _049442 _960164 _gVolumen 16, número 4 (1999), páginas: 20-21 _qPágina 20 |
|
| 942 | _cANA | ||
| 945 | _aJTF-925 | ||
| 999 |
_c59747 _d59747 |
||